[Event "Alexandria op 18th"]
[Site "Alexandria"]
[Date "2012.09.02"]
[Round "7"]
[White "Hassan, Sayed Barakat"]
[Black "Farghaly, Ahmed"]
[Result "1-0"]
[WhiteElo "2361"]
[BlackElo "1860"]
[PlyCount "65"]
[EventDate "2012.08.27"]
[EventType "swiss"]
[EventRounds "9"]
[EventCountry "EGY"]
[SourceTitle "CBM 150 Extra"]
[Source "ChessBase"]
[SourceDate "2012.10.19"]
[SourceVersion "1"]
[SourceVersionDate "2012.10.19"]
[SourceQuality "1"]

1. e4 c5 2. Nc3 g6 3. f4 Bg7 4. Nf3 Nc6 5. Bb5 Nd4 6. 0-0 Nxb5 7. Nxb5 a6 8. Nc3 b5 9. d3 Bb7 10. a3 e6 11. Qe1 Ne7 12. f5 0-0 13. fxg6 fxg6 14. Bg5 h6 15. Be3 d6 16. Qh4 Nc6 17. Qh3 Nd4 18. Bxd4 cxd4 19. Qxe6+ Kh7 20. Ne2 Bc8 21. Qd5 Bg4 22. Nfxd4 Rxf1+ 23. Rxf1 Bxe2 24. Nxe2 Rc8 25. c3 Rc5 26. Qb7 Rc7 27. Qb6 d5 28. Nf4 Qe7 29. Qxg6+ Kh8 30. Nxd5 Qc5+ 31. d4 Bxd4+ 32. cxd4 Qxd4+ 33. Kh1 1-0